Local development frameworks (Record no. 107221)

MARC details
000 -LEADER
fixed length control field 01365cad a22002055a 4500
001 - CONTROL NUMBER
control field L138673
008 - FIXED-LENGTH DATA ELEMENTS--GENERAL INFORMATION
fixed length control field 070703s2007 xxk f 000 0 eng d
035 ## - SYSTEM CONTROL NUMBER
System control number (Sirsi) u138673
041 0# - LANGUAGE CODE
Language code of text/sound track or separate title eng
050 04 - LIBRARY OF CONGRESS CALL NUMBER
Classification number 711.58 $2 18
110 1# - MAIN ENTRY--CORPORATE NAME
Corporate name or jurisdiction name as entry element United Kingdom
Subordinate unit Planning Inspectorate
9 (RLIN) 2192
245 00 - TITLE STATEMENT
Title Local development frameworks
Remainder of title lessons learnt examining development plan documents
Medium [electronic resource]
260 ## - PUBLICATION, DISTRIBUTION, ETC.
Place of publication, distribution, etc. Bristol
Name of publisher, distributor, etc. Planning Inspectorate
Date of publication, distribution, etc. 2007
520 ## - SUMMARY, ETC.
Summary, etc. Provides guidance on how local planning authorities should develop a sound core strategy within the new local plan system. The Planning Inspectorate is concerned that the need for all stakeholders to adopt a cultural change has not fully been appreciated. The core strategy should be used to articulate what areas should look like in future and how this will be achieved. Planning strategies should be clear in the first case before policy details needed to support that strategy are considered. This positive delivery approach entails providing a picture of how an area will develop spatially within the plan period.
590 ## - LOCAL NOTE (RLIN)
Local note KA
651 #4 - SUBJECT ADDED ENTRY--GEOGRAPHIC NAME
Geographic name England and Wales
Chronological subdivision 1543-
690 ## - LOCAL SUBJECT ADDED ENTRY--TOPICAL TERM (OCLC, RLIN)
Topical term or geographic name as entry element ENVIRONMENTAL AND LAND CONSULTANCY-PLANNING AND DEVELOPMENT
856 40 - ELECTRONIC LOCATION AND ACCESS
Uniform Resource Identifier <a href="https://www.oxford.gov.uk/Direct/84235CD125LDFsLessonsLearnt.pdf">https://www.oxford.gov.uk/Direct/84235CD125LDFsLessonsLearnt.pdf</a>
Public note View the item free of charge at www.oxford.gov.uk
942 ## - ADDED ENTRY ELEMENTS (KOHA)
Suppress in OPAC 0
Holdings
Withdrawn status Lost status Source of classification or shelving scheme Damaged status Not for loan Home library Current library Shelving location Date acquired Total Checkouts Full call number Barcode Date last seen Copy number Price effective from Koha item type
    Dewey Decimal Classification     Virtual Virtual Online 03/07/2007   ONLINE PUBLICATION 138673-1001 06/08/2019 1 06/08/2019 Book